Home Print Resources E-Books E-Journals IIMT Lecture Series Library Membership Form Book Recommendation Form Campus Tour Take AdmissionAbout Us Contact Us

PHARMACEUTICS - I (Record no. 49197)

000 -LEADER
fixed length control field nam a22 7a 4500
003 - CONTROL NUMBER IDENTIFIER
control field OSt
005 - DATE AND TIME OF LATEST TRANSACTION
control field 20191005161811.0
008 - FIXED-LENGTH DATA ELEMENTS--GENERAL INFORMATION
fixed length control field 191005b xxu||||| |||| 00| 0 eng d
040 ## - CATALOGING SOURCE
Transcribing agency SEROSOFT
Modifying agency IIMT UNIVERSITY, MEERUT
050 ## - LIBRARY OF CONGRESS CALL NUMBER
Classification number 517.259 MEH
082 ## - DEWEY DECIMAL CLASSIFICATION NUMBER
Edition number 6TH
Classification number 517.259 MEH
100 ## - MAIN ENTRY--PERSONAL NAME
Personal name MEHTA R M
245 ## - TITLE STATEMENT
Title PHARMACEUTICS - I
Statement of responsibility, etc. AUTHOR
Medium ENGLISH
250 ## - EDITION STATEMENT
Edition statement 6TH
260 ## - PUBLICATION, DISTRIBUTION, ETC.
Place of publication, distribution, etc. DELHI
Name of publisher, distributor, etc. VALLABH
Date of publication, distribution, etc. 2018
300 ## - PHYSICAL DESCRIPTION
Extent 336 P P
Other physical details PAPERBACK
760 ## - MAIN SERIES ENTRY
Edition 6TH EDITION
856 ## - ELECTRONIC LOCATION AND ACCESS
Materials specified PAPERBACK
Uniform Resource Identifier <a href="TITLE">TITLE</a>
Public note PHARMACEUTICS
887 ## - NON-MARC INFORMATION FIELD
Source of data TITLE
942 ## - ADDED ENTRY ELEMENTS (KOHA)
Source of classification or shelving scheme
Koha item type Book Bank
Edition 6TH
Classification part TITLE
Item part BOOK
Call number prefix 517.656 MEH
Call number suffix 517.656 MEH
Holdings
Withdrawn status Lost status Source of classification or shelving scheme Materials specified (bound volume or other part) Damaged status Not for loan Home library Current library Date acquired Source of acquisition Coded location qualifier Cost, normal purchase price Inventory number Total Checkouts Full call number Barcode Date last seen Date last checked out Copy number Uniform Resource Identifier Cost, replacement price Price effective from Koha item type Public note Total Renewals Checked out
      PAPERBACK     IIMT University College of Medical Sciences IIMT University College of Medical Sciences 10/05/2019 KIRTI PUB 545.1126 M 210.00 IN5097 DATED 23 SEP 2019 11 517.259 MEH 02-B-12011 04/03/2026 01/28/2026 58 PHARMACEUTICS 210.00 10/05/2019 Book Bank PHARMACEUTICS    
      PAPERBACK     IIMT University College of Medical Sciences IIMT University College of Medical Sciences 10/05/2019 KIRTI PUB 545.1126 M 210.00 IN5097 DATED 23 SEP 2019 3 517.259 MEH 02-B-12012 12/12/2023 11/05/2020 58 PHARMACEUTICS 210.00 10/05/2019 Book Bank PHARMACEUTICS 1  
      PAPERBACK     IIMT University College of Medical Sciences IIMT University College of Medical Sciences 10/05/2019 KIRTI PUB 545.1126 M 210.00 IN5097 DATED 23 SEP 2019 3 517.259 MEH 02-B-12013 03/16/2023 06/06/2022 58 PHARMACEUTICS 210.00 10/05/2019 Book Bank PHARMACEUTICS 2  
      PAPERBACK     IIMT University College of Medical Sciences IIMT University College of Medical Sciences 10/05/2019 KIRTI PUB 545.1126 M 210.00 IN5097 DATED 23 SEP 2019 1 517.259 MEH 02-B-12014 11/13/2019 11/13/2019 58 PHARMACEUTICS 210.00 10/05/2019 Book Bank PHARMACEUTICS   06/20/2020
      PAPERBACK     IIMT University College of Medical Sciences IIMT University College of Medical Sciences 10/05/2019 KIRTI PUB 545.1126 M 210.00 IN5097 DATED 23 SEP 2019 4 517.259 MEH 02-B-12015 07/10/2023 03/09/2023 58 PHARMACEUTICS 210.00 10/05/2019 Book Bank PHARMACEUTICS    
IIMT, Central Library. All Rights Reserved IIMT,UNIVERSITY © 2023
Implemented and Customised by I CLOUDE EMS
You Are OPAC Visitor No
free web counter

Powered by Koha